000
00283nam a2200121Ia 4500
008
231129s9999||||xx |||||||||||||| ||spa||
040
_b
spa
082
_a
597.0921 G726m
100
_a
Graaf Frank de
245
0
_a
Maravillas del Mar
264
_a
Ediciones Gaisa
942
_2
ddc
_c
BKS
999
_c
20618
_d
20618